Library of the University of Algiers 3
Ibrahim Sultan Cheibout
شعار جامعة الجزائر 3
مكتبة جامعة الجزائر 3
إبراهيم سلطان شيبوط

إدارة المستشفيات / (رقم التسجيلة. 42177)

تفاصيل مارك
000 -LEADER
fixed length control field 01004nam a2200229Ia 4500
003 - CONTROL NUMBER IDENTIFIER
control field Ost
005 - DATE AND TIME OF LATEST TRANSACTION
control field 20260507075013.0
008 - FIXED-LENGTH DATA ELEMENTS--GENERAL INFORMATION
fixed length control field 260507s9999||||xx |||||||||||||| ||und||
020 ## - INTERNATIONAL STANDARD BOOK NUMBER
International Standard Book Number 064212977X
040 ## - CATALOGING SOURCE
Transcribing agency fsecg
041 ## - LANGUAGE CODE
Language code of text/sound track or separate title ara
082 ## - DEWEY DECIMAL CLASSIFICATION NUMBER
Classification number 658.048
100 ## - MAIN ENTRY--PERSONAL NAME
Personal name المعري، أحمد محمد
Relator term مؤلف
245 #0 - TITLE STATEMENT
Title إدارة المستشفيات /
Statement of responsibility, etc. أحمد محمد المعري
260 ## - PUBLICATION, DISTRIBUTION, ETC.
Place of publication, distribution, etc. الإسكندرية:
Name of publisher, distributor, etc. مؤسسة شباب الجامعة,
Date of publication, distribution, etc. 1998
300 ## - PHYSICAL DESCRIPTION
Extent 101 صفحة؛
Dimensions 24 سم
490 ## - SERIES STATEMENT
Series statement إدارة المنشآة الخاصة
520 ## - SUMMARY, ETC.
Summary, etc. القواعد العامة للإدارة-إدارة المستشفيات الخاصة-التنظيم الداخلي للمستشفيات الخاصة-العاملون بالمستشفى وتدريبهم-الإتجاه الحديث من إدارة المستشفيات-أهم مشاكل إدارة المستشفى الخاص
653 ## - INDEX TERM--UNCONTROLLED
Uncontrolled term الإدارة
653 ## - INDEX TERM--UNCONTROLLED
Uncontrolled term المستشفيات
942 ## - ADDED ENTRY ELEMENTS (KOHA)
Koha item type كتب
المقتنيات
Withdrawn status Lost status Source of classification or shelving scheme Damaged status Not for loan Home library Current library Date acquired Serial enumeration / chronology Inventory number Total checkouts Full call number Barcode Date last seen Price effective from Koha item type
    Dewey Decimal Classification   NOT LOAN / إعارة داخلية مكتبة كلية العلوم الإقتصادية والعلوم التجارية وعلوم التسيير مكتبة كلية العلوم الإقتصادية والعلوم التجارية وعلوم التسيير 07/05/2026 الطابق الأرضي 43831   أ/20ن1 43831 07/05/2026 07/05/2026 كتب
    Dewey Decimal Classification   Available مكتبة كلية العلوم الإقتصادية والعلوم التجارية وعلوم التسيير مكتبة كلية العلوم الإقتصادية والعلوم التجارية وعلوم التسيير 07/05/2026 الطابق الأرضي 43862   أ/20ن2 43862 07/05/2026 07/05/2026 كتب

موارد الويب المفتوحة


© University of Algiers 3 All Rights Reserved
|
Implemented by LECHELAH Riad